书目信息 |
| 题名: |
快乐的人生
|
|
| 作者: | 卡耐基, , 卡耐基 著 ;汝敏 编译 | |
| 分册: | ||
| 出版信息: | 北京 民主与建设出版社 2004.06 |
|
| 页数: | 210页 | |
| 开本: | 21cm | |
| 丛书名: | 卡耐基成功智慧丛书 | |
| 单 册: | ||
| 中图分类: | B825 | |
| 科图分类: | ||
| 主题词: | 个人--修养 | |
| 电子资源: | ||
| ISBN: | 7-80112-186-4 | |
| 000 | 01032nam 2200277 450 | |
| 001 | 0154545458 | |
| 005 | 20050203154635.45 | |
| 010 | @a7-80112-186-4@d17.60CNY | |
| 100 | @a20041004d2004 km y0chiy0120 ea | |
| 101 | 1 | @achi@ceng |
| 102 | @aCN@b110000 | |
| 105 | @ay z 000yy | |
| 200 | 1 | @a快乐的人生@AKuai Le De Ren Sheng@e卡耐基如何获得幸福的生活@f(美) 卡耐基著@F(mei)ka nai ji zhu@g汝敏编译@Gru min bian yi |
| 210 | @a北京@c民主与建设出版社@d2004.06 | |
| 215 | @a210页@d21cm | |
| 225 | 2 | @a卡耐基成功智慧丛书 |
| 330 | @a本书介绍寻找快乐、获得幸福的12条指导原则,编为四章:培养快乐的心理、不要对别人的批评不高兴、如何支配你的工作和金钱、获得快乐的秘诀。 | |
| 410 | 0 | @12001 @a卡耐基成功智慧丛书 |
| 517 | 1 | @a卡耐基如何获得幸福的生活@AKa Nai Ji Ru He Huo De Xing Fu De Sheng Huo |
| 606 | 0 | @a个人@x修养 |
| 690 | @aB825@v4 | |
| 701 | 1 | @a卡耐基,@AKa Nai Ji,@bD.@g(Carnegie, D.)@f1888-1955@4著 |
| 701 | 0 | @a卡耐基@Aka nai ji@4著 |
| 702 | 0 | @a汝敏@Aru min@4编译 |
| 801 | 0 | @c20050203 |
| 905 | @a10447@dB825@eK070 | |
| 快乐的人生:卡耐基如何获得幸福的生活/(美) 卡耐基著/汝敏编译.-北京:民主与建设出版社,2004.06 |
| 210页;21cm.-(卡耐基成功智慧丛书) |
| ISBN 7-80112-186-4:17.60CNY |
| 本书介绍寻找快乐、获得幸福的12条指导原则,编为四章:培养快乐的心理、不要对别人的批评不高兴、如何支配你的工作和金钱、获得快乐的秘诀。 |
| ● |
| 相关链接 |
|
|
|
正题名:快乐的人生
索取号:B825/K070
 
预约/预借
| 序号 | 登录号 | 条形码 | 馆藏地/架位号 | 状态 | 备注 |
| 1 | 522232 | 205222329 | 社科库509/509社科库 29排3列4层/ [索取号:B825/K070] | 在馆 | |
| 2 | 522233 | 205222338 | 社科库509/ [索取号:B825/K070] | 在馆 | |
| 3 | 522234 | 205222347 | 社科库509/509社科库 29排3列4层/ [索取号:B825/K070] | 在馆 |